Sports Quiz

Random Sports or Baseball Quiz

Trading Places: Sports Quiz Stats

Quiz Updated Dec 10, 2014

Challenge
Share
Tweet
Score 0/20 Timer 03:00
4 Plays Today
% Correct
Philadelphia 49ers
92.3%
Charlotte Ravens
92.1%
Pittsburgh Packers
92.1%
Miami Bucks
90.8%
Chicago Bills
90.8%
Utah Saints
90.6%
Golden State Nuggets
90.1%
Indianapolis Indians
90%
Minnesota Lakers
89.8%
Brooklyn Dodgers
89.6%
% Correct
Tampa Bay Bruins
89%
Sacramento Royals
88.4%
Vancouver Magic
88%
Cleveland Cardinals
87.9%
Tampa Bay Thunder
87.3%
Houston Oilers
87.2%
Detroit Sabres
85.7%
Cincinnati Blues
84.9%
Washington Senators
82.9%
Winnipeg Mets
82.8%

You're not logged in!

Compare scores with friends on all Sporcle quizzes.
Join for Free
OR
Log In

You Might Also Like...

Show Comments

Extras

Top Quizzes Today


Score Distribution

Your Account Isn't Verified!

In order to create a playlist on Sporcle, you need to verify the email address you used during registration. Go to your Sporcle Settings to finish the process.

Report this User

Report this user for behavior that violates our Community Guidelines.

Details: